Relief de pays #1 : France - Statistiques

Statistiques générales
  • Ce quiz a été pris 892 fois
  • Le résultat moyen est 7 sur 10
Réponses sur la Carte
Les réponses sont colorées sur une échelle allant du rouge au vert en fonction du pourcentage des utilisateurs qui les ont devinées à leur premier essai. Vous pouvez retrouver ces pourcentages ci-dessous.
 
Statistiques - réponses
Indice réponse % Correct
Chaîne de montagnes récente Alpes
96%
Massif ancien Massif Central
93%
Chaîne de montagnes récente Jura
89%
Chaîne de montagnes récente Pyrénées
89%
Massif ancien Vosges
84%
Chaîne de montagnes récente Massif Corse
62%
Bassin sédimentaire Bassin Parisien
54%
Massif ancien Massif Armoricain
54%
Massif ancien Ardenne
46%
Bassin sédimentaire Bassin Aquitain
45%
Aucun quiz correspondant
Distribution des résultats
% des personnes avec chaque résultat
Percentile par nombre de réponses
Votre historique - résultats
Vous n’avez pas pris ce quiz